| 000 | 00782cam a22002414a 4500 | ||
|---|---|---|---|
| 001 | 16032434 | ||
| 003 | CEME | ||
| 005 | 20210628201600.0 | ||
| 008 | 091222s2010 njua b 001 0 eng | ||
| 010 | _a 2009051011 | ||
| 020 | _a9780470609552 (cloth) | ||
| 040 |
_aDLC _cDLC _dDLC |
||
| 050 | 0 | 0 |
_aTP1142 _b.F56 2010 |
| 082 | 0 | 0 |
_a668.4/23 _222 |
| 100 | 1 |
_aFink, Johannes Karl. _955939 |
|
| 245 | 1 | 2 |
_aA concise introduction to additives for thermoplastic polymers / _cJohannes Karl Fink. |
| 260 |
_aHoboken, N.J. : _bWiley ; _aSalem, Mass. : _bScrivener Pub., _cc2010. |
||
| 300 |
_axiii, 267 p. : _bill. ; _c25 cm. |
||
| 504 | _aIncludes bibliographical references and index. | ||
| 650 | 0 |
_aPolymers _xAdditives. _955940 |
|
| 650 | 0 |
_aThermoplastics. _955941 |
|
| 942 |
_2ddc _cBK |
||
| 999 |
_c566534 _d566534 |
||